000 00950nam a2200193 a 4500
001 BRCA_247
005 20190320202932.0
008 041005s1999----mx-#---###---#000-0#spa-#
050 4 _aF1226
_b.B53 1999
100 1 _aZorita, Alonso de
_dca.1512-1585
_9858
245 1 0 _aHistoria de la Nueva España
_cAlonso de Zorita ; presentación Alejandro de Antuñano Maurer.
260 _aMéxico
_bBiblioteca Mexicana de la Fundación Miguel Alemán
_c1999
300 _a1 v.
_c21 cm.
500 _aFacsímil de : Historia de la Nueva España por el Doctor Alonso de Zorita (siglo XVI). Madrid : Librería General de Victoriano Suárez, 1909
500 _aTítulo original : Relación de algunas de las muchas cosas notables que hay en la Nueva España, y de su conquista y pacificación y de la conversión de los naturales de ella
650 1 4 _aMéxico
_xHistoria
_yConquista, 1519-1540
_9859
700 1 _aAntuñano Maurer, Alejandro de
_9705
942 _2lcc
_cB
999 _c203
_d203